000 01032cam a2200277 a 4500
999 _c435
_d435
001 1478118
003 GZU
005 20200826154720.0
008 870729r19871961enka b 001 0 eng
010 _a 87022044
020 _a0198234058 (pbk.)
040 _aDLC
_cDLC
_dDLC
043 _af-sj---
050 0 0 _aBL2480.D5
_bLIE 1987
100 1 _aLienhardt, R. G.
_q(R. Godfrey)
_eauthor
245 1 0 _aDivinity and experience :
_bthe religion of the Dinka /
_cGodfrey Lienhardt.
260 _aOxford :
_bClarendon ;
_aNew York :
_bOxford University Press,
_c1987.
300 _avi, 328 p. :
_bill. ;
_c22 cm.
500 _aReprint. Originally published: Oxford : Clarendon Press, 1961.
504 _aIncludes bibliographical references and index.
650 0 _aDinka (African people)
_xReligion.
856 4 2 _3Publisher description
_uhttp://www.loc.gov/catdir/enhancements/fy0606/87022044-d.html
906 _a7
_bcbc
_corignew
_d1
_eocip
_f19
_gy-gencatlg
942 _2lcc
_cBK
_h2480.D5
_iLIE
_kBL